Every Class 2 Oklahoma Senator - Statistics

General Stats
  • This quiz has been taken 14 times
    2 since last reset
  • The average score is 4 of 13
Answer Stats
Picture Hint Answer % Correct
R(2026-) Alan Armstrong
100%
R(1994-2023) James Inhofe
100%
R(2023-2026) Markwayne Mullin
100%
D(1964-1973) Fred Harris
50%
D(1931-1937) Thomas P. Gore
50%
D(1979-1994) David L. Boren
0%
R(1973-1979) Dewey F. Bartlett
0%
R(1943-1949) Edward H. Moore
0%
D(1963-1964) J. Howard Edmondson
0%
D(1937-1943) Joshua B. Lee
0%
D(1907-1925) Robert L. Owen
0%
D(1949-1963) Robert S. Kerr
0%
R(1925-1931) William B. Pine
0%
No matching quizzes found
Score Distribution
Percent of People with Each Score
Percentile by Number Answered
Your Score History
You have not taken this quiz since the last reset